Strategic Corporate Social Responsibility: (Record no. 204534)

MARC details
000 -LEADER
fixed length control field 00723 a2200229 4500
003 - CONTROL NUMBER IDENTIFIER
control field dpl
005 - DATE AND TIME OF LATEST TRANSACTION
control field 20240726144533.0
008 - FIXED-LENGTH DATA ELEMENTS--GENERAL INFORMATION
fixed length control field 240726b |||||||| |||| 00| 0 eng d
010 ## - LIBRARY OF CONGRESS CONTROL NUMBER
LC control number ENG-141021
020 ## - INTERNATIONAL STANDARD BOOK NUMBER
International Standard Book Number 9789354791253
Terms of availability 850.00
035 ## - SYSTEM CONTROL NUMBER
System control number EN-124553
037 ## - SOURCE OF ACQUISITION
Source of stock number/acquisition DBAD
040 ## - CATALOGING SOURCE
Transcribing agency 0
082 14 - DEWEY DECIMAL CLASSIFICATION NUMBER
Classification number 3658.408
Edition number 4
100 1# - MAIN ENTRY--PERSONAL NAME
9 (RLIN) 68964
Personal name Chandler, David
245 1# - TITLE STATEMENT
Title Strategic Corporate Social Responsibility:
Statement of responsibility, etc By David Chandler
Remainder of title Sustainable Value Creation/
250 ## - EDITION STATEMENT
Edition statement 4
260 ## - PUBLICATION, DISTRIBUTION, ETC. (IMPRINT)
Place of publication, distribution, etc New Delhi
Name of publisher, distributor, etc Sage Publications
Date of publication, distribution, etc 2017
270 ## - ADDRESS
Address B1/11, Mohan Cooperative Industrial Area, Mathura Road
City New Delhi
Postal code 110 044
300 ## - PHYSICAL DESCRIPTION
Extent vpp.
Dimensions 23cm(pb)
Other physical details Index
942 ## - ADDED ENTRY ELEMENTS (KOHA)
Institution code [OBSOLETE] dpl
Koha item type English Books
Source of classification or shelving scheme Dewey Decimal Classification
Classification part 658.408
Call number suffix CHA
Holdings
Withdrawn status Lost status Source of classification or shelving scheme Damaged status Not for loan Collection code Home library Current library Date acquired Source of acquisition Cost, normal purchase price Total Checkouts Full call number Barcode Date last seen Copy number Cost, replacement price Price effective from Koha item type
    Dewey Decimal Classification     Non-fiction Patel Nagar Patel Nagar 26/07/2024 DBAD 850.00   658.408 CHA EN-124553 26/07/2024 1 850.00 26/07/2024 English Books

© Delhi Public Library
Hit Counter
free hit counter